00822nam a22001817a 4500008004100000020001800041050001500059100004100074245007500115260005800190300001700248490003900265504004700304505015800351650003700509650004500546650004900591170705b xxu||||| |||| 00| 0 spa d a9786074686609 aKG495bB85 aBunge Campos, Luis Maríae, autor. aLas cartas de derechos de las víctimasc / Luis María Bunge Campos aMéxicob : Suprema Corte de Justicia de la Nación a26 páginas aÉtica Judicial Iberoamericanav5 aIncluye: Tabla de contenido Presentación aLas cartas de derechos de las víctimas Cuerpo normativo Concepto de víctima Disposiciones relativas a la intervención de la víctima en el proceso 0aÉTICA JUDICIALzIBEROAMÉRICA 0aDERECHO DE LAS VÍCTIMASxPROCESO PENAL 0aAPLICACIÓN DE INSTRUMENTOS INTERNACIONALES